LEADER 01399nam a2200289 u 4500 001 000000028546 003 CaOOAMICUS 005 20070226111820.0 008 960731s1940 fr u000 u fre u 035 $a10740410 040 $aPUL$bita 100 1 $aLesne, Émile,$csac.,$dn. 1870.$0(OLS)http://pul/name/8592 245 10$aHistoire de la proprieté ecclesiastique en France.$n5$pLes Ecoles de la fin du VIIIe siécle a la fin du XIIe /$cpar Emile Lesne. 260 $aLille :$bFacultés Catholiques,$c1940. 300 $aviii, 724 p. ;$c25 cm 490 1 $aMémoires et travaux ;$v50 500 $aComprende indici 504 $aBibliografia p. 703-706 650 4$aProprietà ecclesiastica$zFrancia$xStoria$ySec. VIII-XII.$0(OLS)http://pul/subject/16448 651 4$aFrancia$xStoria ecclesiastica$ySec. VIII-XII.$0(OLS)http://pul/subject/16449 830 0$aMémoires et travaux ;$v50.$0(OLS)http://pul/title/17 850 $aPUL 852 $aPUL$W1$xDP1 Fondo Maccarrone$y58$m1507 C 13$j39623$nBK-PRI$b $qFondi$B39623$CPULBib$Z2$F39623 $H $81 941 1 $a1 961 $aINV: 02061 -- Fondo Mons. M. Maccarrone 996 $6245$aHistoire de la proprieté ecclesiastique en France.$n5$pLes Ecoles de la fin du VIIIe siécle a la fin du XIIe$9(OLS)http://pul/title/38975 996 $6260$aLille :$bFacultés Catholiques$9(OLS)http://pul/publisher/52181 LEADER 01353nam a2200289 u 4500 001 000000015797 003 CaOOAMICUS 005 20070226105924.0 008 940513s1946 it u000 u ita u 035 $a10369352 040 $aDLC$bita$cCIN 100 1 $aMariani, Ugo,$cO.E.S.A.,$d1890-1960.$0(OLS)http://pul/name/14447 245 13$aIl Petrarca e gli Agostiniani /$cUgo Mariani. 260 $aRoma :$bEdizioni di Storia e Letteratura,$c1946. 300 $a119 p. ;$c25 cm 490 1 $aStoria e letteratura (Edizioni di storia e letteratura) ;$v12 600 14$aPetrarca, Francesco,$d1304-1374.$0(OLS)http://pul/subject/4071 610 24$aAgostiniani.$0(OLS)http://pul/subject/9294 830 0$aStoria e letteratura (Edizioni di storia e letteratura) ;$v12.$0(OLS)http://pul/title/1028 850 $aPUL 852 $aPUL$W1$xDP1 Fondo Maccarrone$y58$m1526 A 17$j22209$nBK-PRI$b $qFondi$B22209$CPULBib$Z2$F22209 $H $81 852 $aPUL$W1$xDP1 Cons. Gen., Altre Classi 1$y22$m1039 G 1.12$j178614$qStampati$B181781$CPULBib$Z2$F181781 $H11028 $81 941 1 $a1 941 1 $a8 961 $aINV: F.Maccarrone 996 $6245$aIl Petrarca e gli Agostiniani$9(OLS)http://pul/title/22613 996 $6260$aRoma :$bEdizioni di Storia e Letteratura$9(OLS)http://pul/publisher/48123